000 00617nam a2200193Ia 4500
008 151119s9999||||xx |||||||||||||| ||und||
082 _a928.9146
082 _bGKKV2350
100 _aबेडेकर विश्राम
245 _aएक झाड आणि दोन पक्षी
260 _a--
260 _b--
260 _c0
600 _aबेडेकर विश्राम
630 _aएक झाड आणि दोन पक्षी
700 _aबेडेकर विश्राम
730 _aएक झाड आणि दोन पक्षी
942 _cBOOK
999 _c1058348
_d1058345